000 00451nmm a22001697a 4500
005 20170210105815.0
008 150728b xxu||||| |||| 00| 0 spa d
041 _aspa
082 _aMD 111
100 _aAraya Araya, Juan José
_911239
245 _aInforme de Práctica Supervisada realizado en Dentalmás
260 _c2012
650 _aCOSTA RICA
_939335
650 _aMECÁNICA DENTAL
_939336
650 _aPORCELANA DENTAL
_94568
942 _cIP
999 _c6793
_d6793